| 000 | 01302cam a2200265 4500 | ||
|---|---|---|---|
| 001 | ##L134917 | ||
| 008 | 060911n2006 000 0 eng u | ||
| 035 | _a(Sirsi) u134917 | ||
| 041 | 0 | _aeng | |
| 050 | 0 | 4 | _a333.33 $2 18 |
| 110 | 2 |
_aGVA Grimley _93646 |
|
| 245 | 0 | 0 |
_aGold, silver or bronze? _bDevelopment prospects in East London |
| 260 |
_aLondon _bGVA Grimley _c2006 |
||
| 490 | 0 |
_aRICS Research Report _vAugust 2006 |
|
| 520 | _aIn light of London hosting the 2012 Olympic Games, this report reveals how Stratford and East London will look in 2020 as a result of commercial development and regeneration. It highlights all the residential, retail and leisure, office and industrial developments which are in the pipeline for delivery by 2012, and post Olympics in 2020. It also briefly covers the planning policy context and transport infrastructure. Tables and maps. | ||
| 590 | _aIKA190906 | ||
| 650 | 2 | 4 | _aOLYMPIC GAMES 2012 |
| 651 | 4 | _aSTRATFORD | |
| 651 | 4 | _aEAST LONDON | |
| 651 | 4 | _aTHAMES GATEWAY | |
| 690 | _aPROPERTY-PROPERTY DEVELOPMENT | ||
| 710 | 1 |
_aRoyal Institution of Chartered Surveyors _bWorld Games Commission _95037 |
|
| 856 | 4 | 0 |
_uhttps://www.rics.org/RICSWEB/getpage.aspx?p=CfRyDQ_iAEiaZMkI8JKz6g _zView the report free of charge at www.rics.org... |
| 942 | _n0 | ||
| 999 |
_c105844 _d105844 |
||